| 000 | 00481nam a2200205Ia 4500 | ||
|---|---|---|---|
| 008 | 170918s9999 xx 000 0 und d | ||
| 020 | _a9780590421454 | ||
| 050 | _bF853 1987 | ||
| 100 | _aFreedman, Russell | ||
| 245 | _aLincoln : | ||
| 245 | _ba photobiography / | ||
| 245 | _cRussell Freedman. | ||
| 260 | _aNew York : | ||
| 260 | _bScholastic, | ||
| 260 | _c1987 | ||
| 300 | _a150 pages : | ||
| 300 | _bcolored illustration ; | ||
| 300 | _c23cm. | ||
| 500 | _a1110 | ||
| 999 |
_c341986 _d341986 |
||